[Event "Florianopolis op 9th"]
[Site "Florianopolis"]
[Date "2023.01.28"]
[Round "9"]
[White "Fernandes Filho, Bergson Fragoso"]
[Black "Da Luz, Felipe Garcia"]
[Result "1/2-1/2"]
[WhiteElo "2113"]
[BlackElo "1914"]
[PlyCount "23"]
[EventDate "2023.01.23"]
[EventType "swiss"]
[EventRounds "10"]
[EventCountry "BRA"]
[SourceTitle "CBM 212 Extra"]
[Source "ChessBase"]
[SourceDate "2023.03.31"]
[SourceVersion "1"]
[SourceVersionDate "2023.03.31"]
[SourceQuality "1"]

1. e4 c5 2. Nf3 e6 3. c3 d6 4. d4 Nf6 5. Bd3 cxd4 6. cxd4 Be7 7. Nc3 0-0 8. 0-0 a6 9. e5 dxe5 10. dxe5 Nd5 11. Nxd5 exd5 12. Qc2 1/2-1/2

[Event "Florianopolis op 9th"]
[Site "Florianopolis"]
[Date "2023.01.27"]
[Round "7"]
[White "Da Luz, Felipe Garcia"]
[Black "Martins, Giovanni Custodio"]
[Result "1-0"]
[WhiteElo "1914"]
[BlackElo "1658"]
[PlyCount "43"]
[EventDate "2023.01.23"]
[EventType "swiss"]
[EventRounds "10"]
[EventCountry "BRA"]
[SourceTitle "CBM 212 Extra"]
[Source "ChessBase"]
[SourceDate "2023.03.31"]
[SourceVersion "1"]
[SourceVersionDate "2023.03.31"]
[SourceQuality "1"]

1. e4 c5 2. Nc3 Nc6 3. f4 d6 4. Bc4 g6 5. Nf3 Bg7 6. 0-0 Nf6 7. d3 0-0 8. Qe1 a6 9. a4 b6 10. Qh4 e6 11. f5 d5 12. Ba2 d4 13. Ne2 exf5 14. Bg5 fxe4 15. dxe4 Qd6 16. e5 Nxe5 17. Nxe5 Qxe5 18. Bxf6 Qxe2 19. Bxg7 Kxg7 20. Qf6+ Kh6 21. Rae1 Qh5 22. Rf4 1-0

[Event "Florianopolis op 9th"]
[Site "Florianopolis"]
[Date "2023.01.26"]
[Round "5"]
[White "Da Luz, Felipe Garcia"]
[Black "Moura, Eduardo Henrique B"]
[Result "1/2-1/2"]
[WhiteElo "1914"]
[BlackElo "2127"]
[PlyCount "91"]
[EventDate "2023.01.23"]
[EventType "swiss"]
[EventRounds "10"]
[EventCountry "BRA"]
[SourceTitle "CBM 212 Extra"]
[Source "ChessBase"]
[SourceDate "2023.03.31"]
[SourceVersion "1"]
[SourceVersionDate "2023.03.31"]
[SourceQuality "1"]

1. e4 d6 2. d4 Nf6 3. f3 e5 4. d5 Be7 5. c4 h5 6. Nc3 a5 7. Be3 Na6 8. Nge2 0-0 9. Nc1 Nh7 10. Nd3 f5 11. Be2 Bg5 12. Qd2 Bxe3 13. Qxe3 f4 14. Qf2 Nb4 15. 0-0-0 Nxd3+ 16. Bxd3 b6 17. Kb1 Nf6 18. g3 Nd7 19. gxf4 Rxf4 20. Ne2 Qh4 21. Qg2 Rf7 22. Rhg1 Nc5 23. Nc3 Bd7 24. Be2 Na4 25. Nxa4 Bxa4 26. b3 Bd7 27. Qg3 Qf4 28. Qxf4 Rxf4 29. Rg5 Kh7 30. Rdg1 g6 31. Rxg6 Bg4 32. Rg5 Kh6 33. h4 Bxf3 34. Bxf3 Rxf3 35. Rg6+ Kh7 36. Rg7+ Kh8 37. Rxc7 a4 38. b4 a3 39. Rc6 Rf2 40. Rxd6 Rb2+ 41. Ka1 Kh7 42. Rxb6 Re2 43. c5 Rg8 44. Rb7+ Kh6 45. Rb6+ Kh7 46. Rb7+ 1/2-1/2

[Event "Florianopolis op 9th"]
[Site "Florianopolis"]
[Date "2023.01.25"]
[Round "4"]
[White "Monauer, Caique"]
[Black "Da Luz, Felipe Garcia"]
[Result "0-1"]
[WhiteElo "1533"]
[BlackElo "1914"]
[PlyCount "60"]
[EventDate "2023.01.23"]
[EventType "swiss"]
[EventRounds "10"]
[EventCountry "BRA"]
[SourceTitle "CBM 212 Extra"]
[Source "ChessBase"]
[SourceDate "2023.03.31"]
[SourceVersion "1"]
[SourceVersionDate "2023.03.31"]
[SourceQuality "1"]

1. c4 e5 2. g3 Nc6 3. Bg2 f5 4. d3 Nf6 5. Nc3 g6 6. Nf3 Bg7 7. a3 a5 8. Qc2 d6 9. Bg5 h6 10. Bxf6 Bxf6 11. e3 g5 12. Nd5 Bg7 13. Nd2 Ne7 14. h4 g4 15. Rc1 c6 16. Nxe7 Qxe7 17. 0-0 0-0 18. f4 exf4 19. exf4 Rf6 20. Nb1 Re6 21. Nc3 Re3 22. Kh2 Bd7 23. Qd2 Re8 24. b4 axb4 25. axb4 Qf6 26. Rf2 Qd4 27. Bf1 Bf6 28. Nd1 Re1 29. Be2 R8xe2 30. Rxe2 Qg1# 0-1

[Event "Blumenau Ann 100 op"]
[Site "Blumenau"]
[Date "2016.09.24"]
[Round "4"]
[White "Matsuura, Frederico"]
[Black "Da Luz, Felipe Garcia"]
[Result "1-0"]
[WhiteElo "2320"]
[BlackElo "1929"]
[PlyCount "57"]
[EventDate "2016.09.23"]
[EventType "swiss"]
[EventRounds "6"]
[EventCountry "BRA"]
[SourceTitle "CBM 174 Extra"]
[Source "ChessBase"]
[SourceDate "2016.10.10"]
[SourceVersion "1"]
[SourceVersionDate "2016.10.10"]
[SourceQuality "1"]

1. d4 Nf6 2. Nf3 g6 3. c4 Bg7 4. Nc3 d5 5. Qa4+ c6 6. Bf4 a6 7. e3 0-0 8. Be2 Nbd7 9. cxd5 cxd5 10. 0-0 Nb6 11. Qb3 Bd7 12. Ne5 Bc6 13. Rfc1 Rc8 14. Nxc6 Rxc6 15. Na4 Nxa4 16. Rxc6 bxc6 17. Qxa4 Qb6 18. b3 a5 19. Rc1 Rc8 20. Rc5 Ne4 21. Qxa5 Qxa5 22. Rxa5 c5 23. f3 Nc3 24. Ba6 Ra8 25. Rxc5 Nxa2 26. Bb7 Rd8 27. Rxd5 Rxd5 28. Bxd5 Nb4 29. Bc4 1-0

[Event "Catarinense-ch"]
[Site "Fraiburgo"]
[Date "2016.04.14"]
[Round "1"]
[White "Da Luz, Felipe Garcia"]
[Black "Carstens Dobuchak, Thiago"]
[Result "0-1"]
[WhiteElo "1929"]
[BlackElo "2149"]
[PlyCount "72"]
[EventDate "2016.04.14"]
[EventType "swiss"]
[EventRounds "7"]
[EventCountry "BRA"]
[SourceTitle "CBM 171 Extra"]
[Source "ChessBase"]
[SourceDate "2016.04.26"]
[SourceVersion "1"]
[SourceVersionDate "2016.04.26"]
[SourceQuality "1"]

1. d4 Nf6 2. Nf3 e6 3. g3 b6 4. Bg2 Bb7 5. 0-0 Be7 6. c4 d6 7. Nbd2 Nbd7 8. Qc2 c5 9. e4 cxd4 10. Nxd4 a6 11. e5 Bxg2 12. exf6 Bxf6 13. Nxe6 fxe6 14. Kxg2 0-0 15. Ne4 Nc5 16. Rd1 d5 17. Nxc5 bxc5 18. Be3 d4 19. f4 Qb6 20. Bf2 Rab8 21. Rab1 e5 22. b4 Qc6+ 23. Kg1 e4 24. bxc5 e3 25. Be1 Qxc5 26. Qd3 Rxb1 27. Rxb1 Rc8 28. Rc1 g6 29. Rc2 Qf5 30. Qb3 d3 31. Rg2 Qe4 32. c5+ Kg7 33. Bc3 d2 34. Bxf6+ Kxf6 35. g4 Rb8 36. g5+ Ke7 0-1

[Event "BRA-ch U18 29th"]
[Site "Lages"]
[Date "2015.05.16"]
[Round "5"]
[White "Da Luz, Felipe Garcia"]
[Black "Castro, Renan Britzke"]
[Result "1-0"]
[WhiteElo "1925"]
[BlackElo "1858"]
[PlyCount "35"]
[EventDate "2015.05.14"]
[EventType "swiss"]
[EventRounds "6"]
[EventCountry "BRA"]
[SourceTitle "EXT 2022"]
[Source "ChessBase"]
[SourceDate "2021.10.06"]
[SourceVersion "1"]
[SourceVersionDate "2021.10.06"]
[SourceQuality "1"]

1. e4 c5 2. Nc3 Nc6 3. f4 g6 4. Nf3 Bg7 5. Bc4 d6 6. 0-0 Nf6 7. d3 0-0 8. Qe1 e6 9. f5 exf5 10. Qh4 Ng4 11. Bg5 Bf6 12. h3 Bxg5 13. Nxg5 h6 14. hxg4 hxg5 15. Qh6 f4 16. Qxg6+ Kh8 17. Qh6+ Kg8 18. Nd5 1-0

[Event "Santa Catarina State-ch sf1 61st"]
[Site "Sao Bento do Sul"]
[Date "2015.03.07"]
[Round "4"]
[White "Hille, Waltercler Jr"]
[Black "Da Luz, Felipe Garcia"]
[Result "0-1"]
[WhiteElo "1871"]
[BlackElo "1896"]
[PlyCount "74"]
[EventDate "2015.03.06"]
[EventType "swiss"]
[EventRounds "6"]
[EventCountry "BRA"]
[SourceTitle "EXT 2016"]
[Source "ChessBase"]
[SourceDate "2015.10.08"]
[SourceVersion "1"]
[SourceVersionDate "2015.10.08"]
[SourceQuality "1"]

1. d4 Nf6 2. c4 g6 3. Nc3 d5 4. Nf3 Bg7 5. Qa4+ c6 6. cxd5 Nxd5 7. e4 Nxc3 8. bxc3 0-0 9. Ba3 b6 10. Rc1 Bb7 11. Bd3 c5 12. 0-0 Qd7 13. Qxd7 Nxd7 14. Rcd1 Rfd8 15. Rfe1 Rac8 16. Bb1 e6 17. e5 Bf8 18. Be4 Bxe4 19. Rxe4 cxd4 20. Bxf8 Kxf8 21. cxd4 Rc2 22. a3 Rdc8 23. g4 R2c3 24. Re3 Rxe3 25. fxe3 Rc3 26. Kf2 Rxa3 27. Rc1 Ke7 28. g5 b5 29. Nd2 b4 30. Ne4 Ra2+ 31. Kf3 b3 32. Rb1 b2 33. Nc3 Ra3 34. Ne4 Rb3 35. Nd6 Nb6 36. Ke4 Nd5 37. Kf3 Nc3 0-1

[Event "Blumenau Santa Catarina Cup"]
[Site "Blumenau"]
[Date "2013.02.10"]
[Round "6"]
[White "Da Luz, Felipe Garcia"]
[Black "Costa, Ane Caroline"]
[Result "1-0"]
[WhiteElo "1828"]
[BlackElo "1853"]
[PlyCount "23"]
[EventDate "2013.02.08"]
[EventType "swiss"]
[EventRounds "6"]
[EventCountry "BRA"]
[SourceTitle "CBM 152 Extra"]
[Source "ChessBase"]
[SourceDate "2013.02.25"]
[SourceVersion "1"]
[SourceVersionDate "2013.02.25"]
[SourceQuality "1"]

1. e4 c5 2. Nc3 e6 3. f4 g6 4. Nf3 Bg7 5. Bc4 Nc6 6. 0-0 Nge7 7. Qe1 0-0 8. d3 d5 9. Bb3 b6 10. Qh4 Nd4 11. Ng5 h5 12. g4 1-0